00645nam a2200229 a 4500001001300000003000900013005001700022008004100039020001000080082001500090100001700105245002200122260005000144300000900194500003500203505001000238650002100248902000800269942000700277952011600284999001500400nice12345678IN_TiNIC20260116013107.0050524s1986 cama grp 000 0 eng  ac14000a305.4bECK aEck, Diana L aSpeaking of Faith aCambridge bCambridge University Press c1986 a288p aincludes index and biblioraphy2 aIndex aCatacombs-Church bSRS cBK 001040708StackRoom-aHMIbHMId2007-03-20g140.00l0o305.4 ECKp016881r2007-03-20v140.00w2005-05-24yBK c9628d9628